000 nam a22 a 4500
999 _c2097
_d2097
003 AKMAL
005 20170515113033.0
008 170515s1993 my 00 may d
020 _a9837200499:
_cRM 27.50
020 _a9837200480 (kkt.):
_cRM 19.00
040 _aAKMAL
_cAKMAL
043 _aa-my---
049 0 0 _amal
082 0 4 _a361.9595 AZM
090 0 0 _a361.9595
_bAZM
090 2 0 _a361.9595
_bAZM
100 0 _aWan Azmi Ramli,
_d1939-
_94098
245 1 0 _aDasar sosial di Malaysia /
_cWan Azmi Ramli
250 _aEd. terbaru
260 _aKuala Lumpur :
_bGolden Books Centre,
_c1993
300 0 0 _axi, 393 ms. :
_bil. ;
_c22cm
504 _aBibliografi: ms. 390-393
650 0 _aSocial service
_zMalaysia
_94329
651 0 _aMalaysia
_xSocial policy
_9454
942 _2ddc
_cBOOK